Sovereign wealth funds 2010 (Record no. 110550)

MARC details
000 -LEADER
fixed length control field 00988cad a22002175a 4500
001 - CONTROL NUMBER
control field E149593
008 - FIXED-LENGTH DATA ELEMENTS--GENERAL INFORMATION
fixed length control field 100323s2010 xxkd f 000 0 eng d
035 ## - SYSTEM CONTROL NUMBER
System control number (Sirsi) u149593
041 0# - LANGUAGE CODE
Language code of text/sound track or separate title eng
050 04 - LIBRARY OF CONGRESS CALL NUMBER
Classification number 333.33 $2 18
100 1# - MAIN ENTRY--PERSONAL NAME
Personal name Maslakovic, Marco
245 00 - TITLE STATEMENT
Title Sovereign wealth funds 2010
Medium [electronic resource]
260 ## - PUBLICATION, DISTRIBUTION, ETC.
Place of publication, distribution, etc. London
Name of publisher, distributor, etc. IFSL
Date of publication, distribution, etc. 2010
520 ## - SUMMARY, ETC.
Summary, etc. Suggests that although Sovereign Wealth Funds (SWFs) have existed for decades, they have become more prominent recently, and are likely to increase in importance in the future. Includes information on market size and growth trends, commodity and non-commodity SWFs, and looks at investment trends and international policy issues. Tables and charts.
521 ## - TARGET AUDIENCE NOTE
Target audience note Advanced
590 ## - LOCAL NOTE (RLIN)
Local note KA
651 #4 - SUBJECT ADDED ENTRY--GEOGRAPHIC NAME
Geographic name United Kingdom
Chronological subdivision
690 ## - LOCAL SUBJECT ADDED ENTRY--TOPICAL TERM (OCLC, RLIN)
Topical term or geographic name as entry element PROPERTY-PROPERTY FINANCE AND INVESTMENT
856 40 - ELECTRONIC LOCATION AND ACCESS
Uniform Resource Identifier <a href="https://www.ifsl.org.uk/output/ReportItem.aspx?NewsID=20">https://www.ifsl.org.uk/output/ReportItem.aspx?NewsID=20</a>
Public note View the report free of charge at www.ifsl.org.uk
942 ## - ADDED ENTRY ELEMENTS (KOHA)
Suppress in OPAC 0
Holdings
Withdrawn status Lost status Source of classification or shelving scheme Damaged status Not for loan Home library Current library Shelving location Date acquired Total Checkouts Full call number Barcode Date last seen Copy number Price effective from Koha item type
    Dewey Decimal Classification     Virtual Virtual Online 23/03/2010   ONLINE PUBLICATION 149593-2001 06/08/2019 1 06/08/2019 Book